000 00811nam a2200253Ia 4500
003 OSt
005 20220918212427.0
006 a|||||r|||| 00| 0
007 ta
008 220917b |||||||| |||| 00| 0 eng d
024 _a128,830
037 _cTextual
040 _aARTS
_cARTS
_beng
041 _2eng
_aeng
082 _aX:321p1,N83, M5
110 _aAnnual Conference On Advertising and Consumer Psychology, 1983 (Chicago)
_9123787
245 0 _aPapers ed by Linda F Alwitt and Andrew A Mitchell
260 _aNew Jersey
_bLawrence Erlbaum Associates
_c1985
300 _aix,305p.
_ccm.
650 _aECONOMICS
700 _aAnnual Conference On Advertising and Consumer Psychology, 1983 (Chicago)
_9123788
942 _hX:321p1,N83, M5
_cTEXL
_2CC
999 _c251964
_d251964